| 000 | 00754nam a2200217Ia 4500 | ||
|---|---|---|---|
| 003 | 0 | ||
| 005 | 20250129093355.0 | ||
| 008 | 190909s9999 xx 000 0 und d | ||
| 050 |
_aPGS BF 698 _b.R764 2017 |
||
| 100 | _aRomey, Ellis Miguel A. | ||
| 245 |
_aReligion and emotional quotient / _cEllis Miguel A. Romey. |
||
| 260 |
_aLas PiƱas City, Philippines : _bSouthville International School and Colleges, _c2017. |
||
| 300 |
_a30 p. : _bill. ; _c28 cm. |
||
| 504 | _aIncludes bibliographical references. | ||
| 650 | _aReligion and psychology. | ||
| 650 | _aEmotional intelligence. | ||
| 650 | _aReligion and emotional intelligence. | ||
| 650 | _aReligious life and emotions. | ||
| 650 | _aReligious influences on emotions. | ||
| 942 |
_2lcc _cPASS |
||
| 999 |
_c362087 _d362087 |
||